Представление документа в формате MARC21

Поле Инд. ПП Название Значение
Тип записи a
Библиографический уровень b
001 Контрольный номер RU/IS/BASE/261249657
005 Дата корректировки 20200629150604.4
008 Кодируемые данные 20080411
040 b Код языка каталог. rus
e Правила каталог. PSBO
041 0_ a Код языка текста rus
084 a Индекс другой классификации/Индекс ББК 74.002
100 1_ a Автор Белякова Л. Ю.
245 10 a Заглавие Управление воспитательными возможностями среды
504 a Библиография Лит.: 6 назв.
520 0_ a Аннотация Автор обращается к теме исследования возможностей опосредованного управления (через среду) процессами формирования и развития личности. Понятие "среда" раскрывается через категории - пространство, окружение, условия. Рассматриваются некоторые модели систем образования, в которых нет жесткой установки на достижение порядка. Предлагается использование воспитательных достоинств беспорядка или творческого порядка
650 04 a Основная рубрика образование
a Основная рубрика педагогика; воспитание
653 1_ a Ключевые слова воспитание средой
a Ключевые слова воспитательная среда
a Ключевые слова история педагогики
a Ключевые слова модели образовательной системы
a Ключевые слова образовательная среда
773 08 t Заглавие источника Высшее образование сегодня
d Дата издания источника 2007
g Прочая информация № 7. - С. 83 - 85
w Контрольный № источника RU/IS/BASE/207400197
901 t Тип документа b